Maths Quiz - Statistics

General Stats
  • This quiz has been taken 19 times
  • The average score is 9 of 10
Answer Stats
Hint Answer % Correct
Half of 1 0.5
100%
8 + 11 19
100%
5-3 2
100%
18/2 9
100%
100/10 10
95%
68 - 64 4
95%
10/2 5
95%
37 x 2 74
89%
100/25 4
74%
21+22 43
68%
No matching quizzes found
Score Distribution
Percent of People with Each Score
Percentile by Number Answered
Your Score History
You have not taken this quiz